Sports Quiz

Random Sports or Olympics Quiz

First Name Basis: Sports Quiz Stats

 Plays Quiz Updated Jun 25, 2018

Challenge
Share
Tweet
Embed
Score 0/20 Timer 05:00
1 Play Today
% Correct
Usain
94.9%
Serena
94.8%
LeBron
94.1%
Michael
92.5%
Phil
89%
Lionel
88.7%
Rafael
88.1%
Danica
87.6%
Aaron
86.4%
George
85.7%
% Correct
Kevin
83.6%
Lindsey
83.3%
Simone
80.9%
Roger
80.4%
Steffi
80.4%
Hope
77.8%
Maria
76.1%
Ronda
74.9%
Mildred
67.3%
Kathleen
59.6%

You're not logged in!

Compare scores with friends on all Sporcle quizzes.
OR
Log In

You Might Also Like...

Show Comments

Extras

Top Quizzes Today


Score Distribution

Your Account Isn't Verified!

In order to create a playlist on Sporcle, you need to verify the email address you used during registration. Go to your Sporcle Settings to finish the process.

Report this User

Report this user for behavior that violates our Community Guidelines.

Details: